<?xml version="1.0" encoding="UTF-8"?>
<marc:record xmlns:marc="http://www.loc.gov/MARC21/slim">
   <marc:leader>00000nam a2200000 a 4500</marc:leader>
   <marc:datafield ind1=" " ind2=" " tag="653">
      <marc:subfield code="a">Smart Games</marc:subfield>
   </marc:datafield>
   <marc:datafield ind1=" " ind2=" " tag="653">
      <marc:subfield code="a">Knobelspiele</marc:subfield>
   </marc:datafield>
   <marc:datafield ind1=" " ind2=" " tag="653">
      <marc:subfield code="a">Rätselspiele</marc:subfield>
   </marc:datafield>
   <marc:datafield ind1="0" ind2="0" tag="245">
      <marc:subfield code="a">Schatzinsel</marc:subfield>
   </marc:datafield>
   <marc:datafield ind1="0" ind2="0" tag="245">
      <marc:subfield code="b">Finde den geheimen Tempel!</marc:subfield>
   </marc:datafield>
   <marc:datafield ind1=" " ind2="1" tag="264">
      <marc:subfield code="a">Kontich</marc:subfield>
      <marc:subfield code="b">SMART - Belgium</marc:subfield>
   </marc:datafield>
   <marc:datafield ind1="1" ind2=" " tag="520">
      <marc:subfield code="a">Abenteurer gesucht, um den antiken Tempel auf einer vergessenen Insel zu erkunden. Nur die Mutigsten können den richtigen Weg finden… doch Vorsicht, auf dieser Insel scheint sich die Umgebung ständig zu verändern! Erkenne die richtigen Kombinationen, um die Spielsteine zu platzieren und die Position des Tempels zu finden. &#xD;
&#xD;
80 Herausforderungen nehmen dich mit auf eine unvergessliche Expedition.</marc:subfield>
   </marc:datafield>
   <marc:datafield ind1="3" ind2=" " tag="024">
      <marc:subfield code="a">5414301524588</marc:subfield>
   </marc:datafield>
</marc:record>
